| 000 | 00626nam a2200181 i 4500 | ||
|---|---|---|---|
| 001 | 27687 | ||
| 003 | ES-MaACL | ||
| 005 | 20230906153702.0 | ||
| 007 | t| | ||
| 008 | 030115s1952 mr ||||1| spa d | ||
| 100 | 1 |
_aArbide, José. _922395 |
|
| 245 | 1 | 0 |
_aSenderos de Africa / _cJosé Arbide. |
| 260 |
_aTetuán : _bEditorial Marroquí, _c1952 ( _fCremades) |
||
| 300 |
_a236 p. ; _c21 cm. |
||
| 500 | _aPrecede al tít.: Instituto General Franco de Estudios e Investigación Hispano-Arabe. | ||
| 710 | 2 |
_aInstituto General Franco de Estudios e Investigación Hispano-Árabe. _9149197 |
|
| 852 |
_aES-MaACL _jC-11779 _bR.38829 |
||
| 999 |
_c27687 _d27687 |
||